La promoción industrial en la Argentina; (Registro nro. 27181)
[ vista simple ]
| 000 -LEADER | |
|---|---|
| fixed length control field | 00349 a2200109 4500 |
| 001 - CONTROL NUMBER | |
| control field | ART_14521 |
| 005 - DATE AND TIME OF LATEST TRANSACTION | |
| control field | 20260410161915.0 |
| 008 - FIXED-LENGTH DATA ELEMENTS--GENERAL INFORMATION | |
| fixed length control field | 260409a |
| 100 1# - MAIN ENTRY--PERSONAL NAME | |
| Personal name | Rofman, Alejandro B. |
| 245 10 - TITLE STATEMENT | |
| Title | La promoción industrial en la Argentina; |
| 773 0# - HOST ITEM ENTRY | |
| Title | Revista Paraguaya de Sociología |
| Related parts | - Año 13, Nº 36 (may./ago. 1976) |
| Record control number | REV13424 |
No hay ítems disponibles.